002540000a220007300045001000022000002450067000223000062000897730029001511 aSotomayor, Marina10aMission to chalco : Two single women partner to plant a church aVol. 78, Num 4 (Octubre-Diciembre, 1998), Páginas 10-110 tLatin America Evangelist